Anagrammes: Champions de lol 5 - Statistiques

Statistiques générales
  • Ce quiz a été pris 113 fois
    105 depuis la dernière actualisation
  • Le résultat moyen est 10 sur 16
Statistiques - réponses
Hint Réponse % Correct
voklez Velkoz
97%
zyre Ryze
94%
loilai Illaoi
89%
anyve Vayne
89%
lakye Kayle
83%
main Nami
83%
rabcktilzn Blitzcrank
77%
halin Nilah
77%
ekone Neeko
71%
vainai Anivia
61%
lenvyne Evelynn
55%
renkras Skarner
37%
croiky Yorick
36%
traisal Alistar
29%
leshapoi Aphélios
17%
launoire Aurelion
11%
Aucun quiz correspondant
Distribution des résultats
% des personnes avec chaque résultat
Percentile par nombre de réponses
Votre historique - résultats
Vous n’avez pas pris ce quiz depuis la dernière actualisation